header

Lost Treasure of the Emerald Eye. (Record no. 263101)

MARC details
000 -LEADER
fixed length control field 00233nam a22000977a 4500
020 ## - INTERNATIONAL STANDARD BOOK NUMBER
ISBN 0439559634
100 ## - MAIN ENTRY--AUTHOR NAME
Personal name Geronimo Stilton
245 ## - TITLE STATEMENT
Title Lost Treasure of the Emerald Eye.
260 ## - PUBLICATION, DISTRIBUTION, ETC. (IMPRINT)
Place of publication New York
Name of publisher Scholastic Inc
Year of publication 2004
942 ## - ADDED ENTRY ELEMENTS (KOHA)
Koha item type Long Loan Books
Holdings
Withdrawn status Lost status Collection code Home library Current library Shelving location Date acquired Accession Number Koha item type
    Fiction Rongo University Library Rongo University Library Children's Area 01/03/2024 CL20233256 Long Loan Books

© 2026 Rongo University
Contact us: librarian | system librarian | Rongo university